[Event "FRA-chT3 Gr14 0607"]
[Site "France"]
[Date "2007.04.01"]
[Round "9.3"]
[White "Vuillin, Nicolas"]
[Black "Randrianary, Nirina"]
[Result "1/2-1/2"]
[WhiteElo "2080"]
[BlackElo "2132"]
[PlyCount "31"]
[EventDate "2006.10.15"]
[EventType "team"]
[EventRounds "9"]
[EventCountry "FRA"]
[SourceTitle "EXT 2008"]
[Source "ChessBase"]
[SourceDate "2007.11.25"]
[SourceVersion "1"]
[SourceVersionDate "2007.11.25"]
[SourceQuality "1"]

1. e4 c5 2. Nc3 Nc6 3. f4 g6 4. Nf3 Bg7 5. Bb5 Nd4 6. 0-0 Nxb5 7. Nxb5 d6 8. d3 Nf6 9. Nc3 0-0 10. Qe1 a6 11. Qh4 e6 12. g4 Nd7 13. f5 Qxh4 14. Nxh4 exf5 15. gxf5 Nf6 16. Ng2 1/2-1/2